Mille et une nuits théâtre (Record no. 13900)

MARC details
010 ## - Numéro international normalisé du livre (ISBN)
ISBN 9782915794212
Disponibilité et/ou prix 10 EUR
099 ## - Visibilité opac
notice masquée en opac Non
100 ## - Données générales de traitement
Données générales de traitement 20070209d2007 m y0frey50 ba
101 0# - Langue de la ressource
Langue du texte, de la bande son, etc. français
102 ## - Pays de publication ou de production
Pays de publication France
200 1# - Titre et mention de responsabilité
Titre propre Mille et une nuits théâtre
Indication générale du type de document Livre
Complément du titre et sa suite somptueuse d'autres palais de couloirs étourdissants et d'animaux aveugles
215 ## - Description physique
Nombre de pages 1 vol. (72 p.)
225 ## - Collection
Titre de la collection Frictions
300 ## - Notes générales
Texte de la note Document relatif au spectacle : Mille et une nuits / mise en scène de David Girondin Moab. - Saint-Denis : Théâtre Gérard Philipe, 20070122
700 ## - Auteur principal
Nom Raynaud
Prénom Bertrand
Dates 1971-....
105 ## - Zone de données codées : textes, monographies
Données codées sur les monographies textuelles ||||z 00|a|
181 #0 - Zone de données codées : Forme de la ressource
Données de liaison entre champs 01
Forme du contenu selon l’ISBD sous forme codée i
Qualificatif(s) du contenu selon l’ISBD sous forme codée xxxe
181 ## - Zone de données codées : Forme de la ressource
Données de liaison entre champs 02
Autre référentiel utilisé pour coder la forme du contenu texte
Code du référentiel rdacontent
182 #0 - Zone de données codées : type de média
Données de liaison entre champs 01
Type de médiation selon l’ISBD sous forme codée sans média
182 ## - Zone de données codées : type de média
Données de liaison entre champs 02
Autre référentiel utilisé pour coder le type de médiation sans média
Code du référentiel rdamedia
210 ## - Publication, diffusion, etc.
Lieu de publication, de diffusion, etc. [Paris]
Nom de l'éditeur, du diffuseur, etc. MF
Date de publication, de diffusion, etc. DL 2007
Lieu de fabrication 58-Clamecy
Nom du fabricant Impr. Laballery
215 ## - Description physique
Autres caractéristiques matérielles couv. ill.
Dimensions 18 cm
305 ## - Note sur l'édition et l'histoire bibliographique
Texte de la note Création : (France) Saint-Denis, Théâtre Gérard Philippe, 20070122
410 #0 - Collection
Identifiant de la notice bibliographique liée 40018342
410 #0 - Collection
Titre de l'oeuvre Frictions (Paris. 2005)
ISSN 1776-3746
Date de publication 2007
620 2# - accès par le lieu et la date
Pays France
Ville, etc. Saint-Denis
Lieu précis, salle, etc Théâtre Gérard Philippe
Date 20070122
676 ## - Classification décimale de Dewey
Indice 842.92 (oeuvre)
Édition 23
686 ## - Autres numéros de classification
Indice 802
Code du format utilisé Cadre de classement de la Bibliographie nationale française
700 ## - Auteur principal
Identifiant de la notice d'autorité 14570873
Identifiant international normalisé pour les noms ISNI0000000372043977
Code de fonction Auteur
801 #0 - Origine de la notice
Pays FR
Agence de catalogage FR-751131015
Date de la transaction 20070209
Règles de catalogage utilisées AFNOR
Identifiant d'origine FRBNF409803360000007
Code du format utilisé intermrc
000 -Etiquette de la notice
Leader 01510cam a2200397 4500
003 - Identifiant de la notice
Identifiant http://catalogue.bnf.fr/ark:/12148/cb40980336h
005 - Identifiant de la version
Identifiant 20250725114539.0
020 ## - Numéro de l'agence bibliographique nationale
Code de pays France
Indice 00711060
073 #0 - EAN
Numéro normalisé 9782915794212
Holdings
Exclu du prêt Date de création Site actuel Code barre Date prix de remplacement Cote Statut Site de rattachement Type de document Koha
  25.07.2025 Théâtre Joliette JOL-003609 25.07.2025 TH RAY   Théâtre Joliette Livre